[Event "GER-chT U14"]
[Site "Duesseldorf"]
[Date "2016.12.30"]
[Round "7.2"]
[White "Astner, Sebastian"]
[Black "Kuehn von Burgsdorff, Johannes"]
[Result "1-0"]
[WhiteElo "1804"]
[BlackElo "1211"]
[PlyCount "56"]
[EventDate "2016.12.27"]
[EventType "team-swiss"]
[EventRounds "7"]
[EventCountry "GER"]
[SourceTitle "EXT 2022"]
[Source "ChessBase"]
[SourceDate "2021.10.06"]
[SourceVersion "1"]
[SourceVersionDate "2021.10.06"]
[SourceQuality "1"]
[WhiteTeam "Ergolding U14"]
[BlackTeam "Guetersloh U14"]
[WhiteTeamCountry "GER"]
[BlackTeamCountry "GER"]

1. e4 e6 2. d4 d5 3. exd5 exd5 4. Bd3 Bd6 5. Nf3 Nf6 6. 0-0 0-0 7. Bg5 h6 8. Bh4 Be6 9. Nbd2 Nbd7 10. c3 c6 11. Re1 Qc7 12. Qc2 Rac8 13. Bf5 Bxf5 14. Qxf5 Rfe8 15. h3 Rxe1+ 16. Rxe1 Qa5 17. Bxf6 Qc7 18. Be5 Re8 19. Re3 Nxe5 20. Nxe5 f6 21. Ng4 Rxe3 22. fxe3 Qa5 23. Qe6+ Kh8 24. Qxd6 Qxa2 25. Qb8+ Kh7 26. Qxb7 Qa1+ 27. Kh2 Qe1 28. Nf3 Kg8 1-0